Komparácia schém GSP v prostredí EÚ, USA a Japonska diplomová práca

Gespeichert in:
Bibliographische Detailangaben
1. Verfasser: Mizeríková, Monika
Körperschaft: Fakulta medzinárodných vzťahov EU. Katedra medzinárodných ekonomických vzťahov a hospodárskej diplomacie
Weitere Verfasser: Dziura, Boris, 1976-
Format: Buch
Sprache:Slowakisch
Veröffentlicht: Bratislava 2023
Tags: Tag hinzufügen
Keine Tags, Fügen Sie das erste Tag hinzu!

MARC

LEADER 00000nbm a2200000 4500
001 0293147
005 20240610132155.5
041 0 |a slo 
044 |a SK 
245 1 0 |a Komparácia schém GSP v prostredí EÚ, USA a Japonska  |b diplomová práca  |c Monika Mizeríková ; školiteľ: Boris Dziura 
264 1 |a Bratislava  |c 2023 
300 |a 68 s. 
100 1 |a Mizeríková, Monika 
700 1 |a Dziura, Boris, 1976- 
710 2 |a Fakulta medzinárodných vzťahov EU. Katedra medzinárodných ekonomických vzťahov a hospodárskej diplomacie